|
|
|
|
| LEADER |
00000nam0a2200000 4500 |
| 001 |
365169 |
| 005 |
20231102011747.0 |
| 035 |
|
|
|a (RuTPU)RU\TPU\retro\22532
|
| 090 |
|
|
|a 365169
|
| 100 |
|
|
|a 20211217d1981 km y0rusy50 ca
|
| 101 |
0 |
|
|a rus
|
| 102 |
|
|
|a RU
|
| 105 |
|
|
|a a z 001zb
|
| 200 |
1 |
|
|a Мераб Бердзенишвили
|e альбом
|f Н. М. Воронина
|
| 210 |
|
|
|a Москва
|c Советский художник
|d 1981
|
| 215 |
|
|
|a 166 с.
|c ил.
|
| 320 |
|
|
|a Библиогр.: с. 161-163
|
| 600 |
|
1 |
|a Бердзенишвили
|b М. И.
|g Мераб Исидорович
|c грузинский скульптор
|f 1924-
|2 stltpush
|3 (RuTPU)RU\TPU\pers\12270
|
| 606 |
1 |
|
|a Скульпторы
|2 stltpush
|3 (RuTPU)RU\TPU\subj\55078
|9 73150
|
| 610 |
1 |
|
|a изобразительное искусство
|
| 610 |
1 |
|
|a Грузия
|
| 610 |
1 |
|
|a 20 век
|
| 610 |
1 |
|
|a альбомы
|
| 610 |
1 |
|
|a персонажи
|
| 610 |
1 |
|
|a скульптура
|
| 610 |
1 |
|
|a скульптуры
|
| 675 |
|
|
|a 73.071
|v 4
|
| 700 |
|
1 |
|a Воронина
|b Н. М.
|g Новелла Михайловна
|
| 801 |
|
1 |
|a RU
|b 63413507
|c 20211217
|
| 801 |
|
2 |
|a RU
|b 63413507
|c 20221122
|g RCR
|
| 942 |
|
|
|c BK
|